IFM Opac

THE FORMATIVE YEARS OF SOCIAL SECURITY (Record no. 13036)

MARC details
000 -LEADER
fixed length control field 00373nam a22001337a 4500
082 ## - DEWEY DECIMAL CLASSIFICATION NUMBER
Classification number 368.4 ALT
100 ## - MAIN ENTRY--PERSONAL NAME
Personal name ALTMEYER.ARTHUR
245 ## - TITLE STATEMENT
Title THE FORMATIVE YEARS OF SOCIAL SECURITY
260 ## - PUBLICATION, DISTRIBUTION, ETC.
Place of publication, distribution, etc. LONDON
Name of publisher, distributor, etc. THE UNIVERSITY OF WISCONSIN PRESS
Date of publication, distribution, etc. 1968
300 ## - PHYSICAL DESCRIPTION
Extent ix.314p.
Other physical details 24 CM.
500 ## - GENERAL NOTE
General note INCLUDE INDEX
650 ## - SUBJECT ADDED ENTRY--TOPICAL TERM
Topical term or geographic name entry element THE FORMATIVE YEARS OF SOCIAL SECURITY
942 ## - ADDED ENTRY ELEMENTS (KOHA)
Koha item type Books
Holdings
Withdrawn status Lost status Source of classification or shelving scheme Damaged status Not for loan Home library Current library Shelving location Date acquired Full call number Barcode Date last seen Price effective from Koha item type
    Dewey Decimal Classification     IFM Main Campus Library IFM Main Campus Library   10/26/2015 368.4 ALT 0000010165 10/26/2015 10/26/2015 Books